000 00270nam a2200133 i 4500
001 bg
245 0 _aEnglish 900. Book 3.
260 _aLondon,
_c1969.
040 _cBPK
041 _apol
080 _a802.0
942 _cKS
008 s pl f |000 0 pol
999 _c8764
_d8764
856 _uhttp://koha.tu.koszalin.pl/cgi-bin/koha/opac-detail.pl?biblionumber=8764
_yKatalog online BPK